Náš rozhovor s režisérom Jurajom Lihositom, predsedom Únie slovenských televíznych tvorcov

Bibliographic Details
Main Authors: Lihosit, Juraj, 1944- (Author), Šebo, Palo (Author), Šebo, Pavol, 1939- (Author)
Format: Article
Language:Slovak
PhysicalDescription:Obr. 2.
Subjects:

MARC

LEADER 00000nab a2200000 a 4500
001 vtls000466039
003 SK-MaSNL
005 20260303001107.0
008 120926c1992 xo 0 slo
015 |a SNBRB19rr/mm-uuuuu 
035 |a CL0466172 
040 |a SNKBUCL  |b slo  |c SNKBUCL  |e AACR2 
041 0 |a slo 
044 |a xo  |c SK 
080 |a 7.097(437.6):061.2  |2 1981 
080 |a 061.2  |2 1981 
100 1 |a Lihosit, Juraj,  |d 1944-  |4 aut  |9 102361 
245 1 0 |a Náš rozhovor s režisérom Jurajom Lihositom, predsedom Únie slovenských televíznych tvorcov  |c Juraj Lihosit, Palo Šebo ; Pavol Šebo 
300 |b Obr. 2. 
650 0 7 |a Únia slovenských televíznych tvorcov  |2 snkbucl  |9 953333 
655 7 |a články z novín a časopisov  |2 snkbucl  |9 267496 
700 1 |a Šebo, Palo  |4 aut  |9 976094 
700 1 |a Šebo, Pavol,  |d 1939-  |4 aut  |9 114544 
773 0 |t Kontakt  |g Roč. /2/, č. 5 (1992), s. 13-20 
850 |a Slovenská národná knižnica v Martine  |a MTA001 
852 |a SNK  |b KIS3GCP 
958 |a RK 
992 |a RBX 
999 |c 1561641  |d 1563571